000 03172nam a2200277 i 4500
005 20250329165423.0
007 ta
008 200622s2024 000 0 eng d
040 _aCO-CtgCURN
_bspa
_ccoctgcurn
_erda
082 0 _aCOP 2024
_bA174
100 1 _aAcevedo Arellano, Sofía Valentina ,
_eauthor.
_4aut
245 1 0 _aAutomatización de los procesos contables y sus efectos en las empresas /
_cSofía Valentina Acevedo Arellano; María Camila Orozco Cabeza; asesor: Jhorquis Machado Licona.
260 _aCartagena de Indias :
_bCorporación Universitaria Rafael Núñez,
_c2024.
300 _a18 hojas.
336 _atext
_btxt
_2rdacontent
337 _aunmediated
_bn
_2rdamedia
338 _avolume
_bnc
_2rdacarrier
502 _aTrabajo de grado (Contador público). Corporación Universitaria Rafael Núñez. Facultad de Ciencias Administrativas y Contables. Programa de Contaduría Pública, 2024.
520 8 _a"En el mundo empresarial actual, la mejora de la eficacia operativa y el aumento de la competitividad en el mercado son las principales prioridades de las empresas. En este contexto, la integración de los sistemas contables desempeña un papel crucial en la búsqueda de la eficacia y la automatización de los procesos empresariales. Una pregunta central es: qué impacto tiene la integración de los sistemas contables en la optimización de los procesos empresariales? Esta pregunta se centra en los beneficios potenciales de la introducción de un sistema contable, pero también pone de relieve los retos y obstáculos a los que se enfrentan las empresas a la hora de adoptar esta tecnología. He aquí algunos aspectos a tener en cuenta al planteamiento de esta problemática: Complejidad de los procesos contables tradicionales: Las empresas se enfrentan a menudo a procesos contables manuales que requieren mucho tiempo y recursos. La falta de automatización puede provocar errores en los informes financieros, retrasos y una capacidad limitada para satisfacer las necesidades de la empresa.En un entorno empresarial cada vez más competitivo, las empresas buscan mejorar la eficiencia y la precisión de sus operaciones contables. La integración de sistemas contables puede proporcionar herramientas y funciones que agilicen la recopilación, el procesamiento y el análisis de datos para gestionar la información financiera con mayor eficacia.Aunque la automatización de los procesos contables tiene muchas ventajas, también conlleva costes, como inversiones iniciales en software y tecnología, así como costes de formación del personal. Estos costes pueden plantear problemas financieros a algunas empresas, sobre todo a las que disponen de recursos limitados."
650 0 _aContaduría pública
_xTesis y disertaciones académicas.
700 1 _aOrozco Cabeza, María Camila .
700 1 _aMachado Licona, Jhorquis,
_easesor.
856 7 _uhttps://unicurn.sharepoint.com/:b:/s/biblioteca/EV5i845U8khFjf5AVmkg2S4BNWqN8fPxtQnVpuCYEP-pwg?e=NUbYz0
_zClick para ver el recurso en texto completo
942 _2ddc
_aMHC
_bMHC
_cTG
_hCOP 2024
_iA174
999 _c3385
_d3385